[Event "Brno Duras IM-B"]
[Site "Brno"]
[Date "2008.06.30"]
[Round "5"]
[White "Vesely, Jaromir"]
[Black "Splosnov, Sergei"]
[Result "0-1"]
[WhiteElo "2074"]
[BlackElo "2355"]
[PlyCount "76"]
[EventDate "2008.06.27"]
[EventType "tourn"]
[EventRounds "11"]
[EventCountry "CZE"]
[EventCategory "1"]
[SourceTitle "CBM 125 Extra"]
[Source "ChessBase"]
[SourceDate "2008.09.01"]
[SourceVersion "1"]
[SourceVersionDate "2008.09.01"]
[SourceQuality "1"]

1. d4 d5 2. Nf3 Nf6 3. c4 e6 4. Nc3 c6 5. e3 Nbd7 6. Qc2 Bd6 7. e4 dxe4 8. Nxe4 Nxe4 9. Qxe4 c5 10. Bd2 Nf6 11. Qh4 cxd4 12. 0-0-0 e5 13. Bd3 Be6 14. Rhe1 Nd7 15. Qg3 Qc7 16. Qxg7 0-0-0 17. Kb1 Rhg8 18. Qh6 Nc5 19. Bxh7 Rh8 20. Bg5 Rdg8 21. Bf6 Rg6 22. Qh4 Bf5+ 23. Kc1 Rxh7 24. Qxh7 Rxf6 25. Qh8+ Qd8 26. Qxd8+ Kxd8 27. Nxe5 Bxe5 28. Rxe5 Nd3+ 29. Rxd3 Bxd3 30. Rd5+ Ke7 31. Rxd4 Bf1 32. g4 Rxf2 33. h4 Kf6 34. c5 Bg2 35. a4 Ke5 36. Rd7 Bd5 37. a5 a6 38. Rd6 Rf4 0-1

[Event "SVK-ch op-A"]
[Site "Banska Stiavnica"]
[Date "2007.07.08"]
[Round "2.33"]
[White "Brhel, Jan"]
[Black "Splosnov, Sergei"]
[Result "1/2-1/2"]
[WhiteElo "2078"]
[BlackElo "2359"]
[PlyCount "57"]
[EventDate "2007.07.07"]
[EventType "swiss"]
[EventRounds "9"]
[EventCountry "SVK"]
[SourceTitle "EXT 2010"]
[Source "ChessBase"]
[SourceDate "2010.11.25"]
[SourceVersion "1"]
[SourceVersionDate "2010.11.25"]
[SourceQuality "1"]

1. d4 d5 2. c4 e6 3. Nc3 c6 4. e3 Nf6 5. Nf3 Nbd7 6. Bd3 dxc4 7. Bxc4 b5 8. Bd3 b4 9. Ne4 Bb7 10. 0-0 Be7 11. Nxf6+ Nxf6 12. e4 0-0 13. e5 Nd7 14. Be4 Rb8 15. a3 c5 16. Bb1 a5 17. Qd3 g6 18. Bh6 Re8 19. Rd1 cxd4 20. Nxd4 Nc5 21. Qg3 Qb6 22. axb4 Qxb4 23. Qc3 Qxc3 24. bxc3 a4 25. Bc2 Ra8 26. Nb5 Red8 27. Rxd8+ Rxd8 28. Be3 Bc6 29. c4 1/2-1/2

[Event "Karvina op"]
[Site "Karvina"]
[Date "2006.07.??"]
[Round "1"]
[White "Splosnov, Sergei"]
[Black "Foltyn, Lukasz"]
[Result "1/2-1/2"]
[WhiteElo "2361"]
[BlackElo "1951"]
[PlyCount "77"]
[EventDate "2006.07.??"]
[EventType "swiss"]
[EventRounds "7"]
[EventCountry "CZE"]
[SourceTitle "EXT 2008"]
[Source "ChessBase"]
[SourceDate "2007.11.25"]
[SourceVersion "1"]
[SourceVersionDate "2007.11.25"]
[SourceQuality "1"]

1. Nf3 Nf6 2. c4 c6 3. d4 d5 4. e3 e6 5. Nbd2 Nbd7 6. Bd3 Bd6 7. 0-0 0-0 8. e4 e5 9. cxd5 cxd5 10. Re1 Re8 11. exd5 exd4 12. Rxe8+ Qxe8 13. Nc4 Bc5 14. d6 Nd5 15. a3 a5 16. Bd2 b6 17. Qc2 h6 18. Re1 Qf8 19. Nfe5 N7f6 20. Nxa5 Bxd6 21. Nac6 Bb7 22. Qb3 Bxc6 23. Nxc6 Bxh2+ 24. Kxh2 Qd6+ 25. Kg1 Qxc6 26. Qc4 Qxc4 27. Bxc4 Rd8 28. Kf1 Kf8 29. Re5 g5 30. g3 Rd7 31. a4 Kg7 32. Ke2 Re7 33. Rxe7 Nxe7 34. b4 Ng4 35. f4 Kf6 36. a5 bxa5 37. bxa5 gxf4 38. Bxf4 Ne5 39. Bb3 1/2-1/2

[Event "Brno DS"]
[Site "Brno"]
[Date "2005.07.03"]
[Round "4"]
[White "Rogule, Laura"]
[Black "Splosnov, Sergei"]
[Result "1-0"]
[WhiteElo "2278"]
[BlackElo "2369"]
[PlyCount "137"]
[EventDate "2005.06.30"]
[EventType "tourn"]
[EventRounds "11"]
[EventCountry "CZE"]
[EventCategory "2"]
[SourceTitle "CBM 107 Extra"]
[Source "ChessBase"]
[SourceDate "2005.09.01"]
[SourceVersion "1"]
[SourceVersionDate "2005.09.01"]
[SourceQuality "1"]

1. e4 e5 2. Nf3 Nf6 3. Nxe5 d6 4. Nc4 Nxe4 5. Nc3 Nxc3 6. bxc3 Be7 7. d4 Nd7 8. Bd3 Nf6 9. Ne3 0-0 10. 0-0 Be6 11. Qf3 c6 12. Nf5 Bxf5 13. Qxf5 Qd7 14. Rb1 Qxf5 15. Bxf5 b6 16. Re1 Rfe8 17. Bg5 h6 18. Bd2 Rad8 19. f3 d5 20. Kf2 Bd6 21. g3 b5 22. h4 Rxe1 23. Rxe1 Kf8 24. g4 Ng8 25. h5 Ne7 26. Bd3 Re8 27. f4 Ng8 28. Rxe8+ Kxe8 29. g5 Bf8 30. Kf3 f6 31. Bg6+ Kd7 32. Bf5+ Kd8 33. Be6 Ne7 34. gxh6 gxh6 35. Kg4 Ke8 36. Bc1 a5 37. Ba3 f5+ 38. Kf3 Ng8 39. Bc1 Ne7 40. Bb2 Bg7 41. Ba3 Bf6 42. Kg3 b4 43. cxb4 axb4 44. Bxb4 Bxd4 45. Bd6 Bb6 46. a4 c5 47. Be5 Kf8 48. Kf3 c4 49. Ke2 Nc6 50. Bd6+ Ke8 51. Bxd5 Nd4+ 52. Kd2 Kd7 53. Bf8 Ba5+ 54. c3 Ne6 55. Bxh6 Bc7 56. Bxe6+ Kxe6 57. Bg5 Kf7 58. Ke3 Bb6+ 59. Ke2 Ba5 60. Kd2 Bc7 61. Kc2 Kg7 62. Kb2 Kf7 63. Ka3 Bd6+ 64. Ka2 Bc7 65. Kb2 Kg7 66. Be7 Bxf4 67. a5 Be3 68. Bd8 f4 69. Bg5 1-0

[Event "Brno DS"]
[Site "Brno"]
[Date "2005.06.30"]
[Round "1"]
[White "Splosnov, Sergei"]
[Black "Rada Equiza, Miguel"]
[Result "1/2-1/2"]
[WhiteElo "2369"]
[BlackElo "2230"]
[PlyCount "68"]
[EventDate "2005.06.30"]
[EventType "tourn"]
[EventRounds "11"]
[EventCountry "CZE"]
[EventCategory "2"]
[SourceTitle "CBM 107 Extra"]
[Source "ChessBase"]
[SourceDate "2005.09.01"]
[SourceVersion "1"]
[SourceVersionDate "2005.09.01"]
[SourceQuality "1"]

1. Nf3 f5 2. d4 Nf6 3. g3 g6 4. Bg2 Bg7 5. 0-0 0-0 6. c4 d6 7. Nc3 Nc6 8. d5 Ne5 9. Nxe5 dxe5 10. Bg5 h6 11. Bxf6 Bxf6 12. Qb3 h5 13. c5 Kg7 14. Rad1 a6 15. Rd2 h4 16. Rfd1 hxg3 17. hxg3 e4 18. f4 Qe8 19. d6 cxd6 20. cxd6 exd6 21. Nd5 Qb5 22. Qxb5 axb5 23. a3 Bd8 24. e3 Be6 25. Bf1 Ba5 26. Nb4 Bb3 27. Rc1 d5 28. Rc3 Bc4 29. b3 Bxf1 30. Kxf1 Rh8 31. Kg2 Bxb4 32. axb4 Ra1 33. Rc7+ Kf6 34. Rxd5 Ke6 1/2-1/2

[Event "Ostrava IM"]
[Site "Ostrava"]
[Date "2005.05.05"]
[Round "6"]
[White "Priborsky, Jan"]
[Black "Splosnov, Sergei"]
[Result "1/2-1/2"]
[WhiteElo "2320"]
[BlackElo "2369"]
[PlyCount "48"]
[EventDate "2005.04.30"]
[EventType "tourn"]
[EventRounds "9"]
[EventCountry "CZE"]
[EventCategory "2"]
[SourceTitle "CBM 106 Extra"]
[Source "ChessBase"]
[SourceDate "2005.07.01"]
[SourceVersion "1"]
[SourceVersionDate "2005.07.01"]
[SourceQuality "1"]

1. d4 d5 2. c4 e6 3. Nc3 c6 4. Nf3 Nf6 5. e3 Nbd7 6. Bd3 dxc4 7. Bxc4 b5 8. Bd3 b4 9. Ne4 Bb7 10. Nxf6+ Nxf6 11. 0-0 Be7 12. e4 0-0 13. e5 Nd7 14. Be4 Rb8 15. a3 c5 16. Bxb7 Rxb7 17. d5 exd5 18. Qxd5 Qb6 19. Nd2 Rc7 20. Nc4 Qe6 21. Rd1 Qxd5 22. Rxd5 Rb8 23. Kf1 Nb6 24. Nxb6 Rxb6 1/2-1/2

[Event "Ostrava IM"]
[Site "Ostrava"]
[Date "2005.05.04"]
[Round "5"]
[White "Splosnov, Sergei"]
[Black "Muzik, Martin"]
[Result "1/2-1/2"]
[WhiteElo "2369"]
[BlackElo "2317"]
[PlyCount "41"]
[EventDate "2005.04.30"]
[EventType "tourn"]
[EventRounds "9"]
[EventCountry "CZE"]
[EventCategory "2"]
[SourceTitle "CBM 106 Extra"]
[Source "ChessBase"]
[SourceDate "2005.07.01"]
[SourceVersion "1"]
[SourceVersionDate "2005.07.01"]
[SourceQuality "1"]

1. Nf3 d5 2. d4 Nc6 3. g3 Bf5 4. Bg2 e6 5. 0-0 Nb4 6. Na3 Be7 7. c4 c6 8. Bd2 Nf6 9. Bxb4 Bxb4 10. Qb3 Qe7 11. Nc2 Ba5 12. Ne3 Be4 13. Ne5 Bxg2 14. Kxg2 0-0 15. Rad1 Rab8 16. f3 Bc7 17. Nd3 Nh5 18. f4 Nf6 19. Nf2 Rfd8 20. Neg4 Ne8 21. Ne5 1/2-1/2

[Event "Ostrava IM"]
[Site "Ostrava"]
[Date "2005.04.30"]
[Round "1"]
[White "Splosnov, Sergei"]
[Black "Michalik, Peter"]
[Result "1/2-1/2"]
[WhiteElo "2369"]
[BlackElo "2244"]
[PlyCount "73"]
[EventDate "2005.04.30"]
[EventType "tourn"]
[EventRounds "9"]
[EventCountry "CZE"]
[EventCategory "2"]
[SourceTitle "CBM 106 Extra"]
[Source "ChessBase"]
[SourceDate "2005.07.01"]
[SourceVersion "1"]
[SourceVersionDate "2005.07.01"]
[SourceQuality "1"]

1. Nf3 Nf6 2. c4 g6 3. g3 Bg7 4. Bg2 0-0 5. d4 d6 6. 0-0 Nbd7 7. Nc3 c6 8. e4 e5 9. h3 Qc7 10. Be3 b6 11. Rc1 Bb7 12. Qd2 Rfe8 13. d5 c5 14. Bh6 a6 15. Nh2 Rab8 16. a4 Nf8 17. Ng4 Nxg4 18. hxg4 Bxh6 19. Qxh6 f6 20. g5 fxg5 21. Qxg5 Qg7 22. Bh3 Bc8 23. Bxc8 Rexc8 24. Nd1 Rc7 25. Ne3 h5 26. Ng2 Nh7 27. Qd2 Rf7 28. Nh4 Rbf8 29. f3 Rf6 30. Kg2 a5 31. b3 Qe7 32. Rh1 Kg7 33. Rcf1 R6f7 34. Qe3 Qg5 35. Qxg5 Nxg5 36. Rhg1 Rf6 37. Rh1 1/2-1/2

[Event "Litomysl op"]
[Site "Litomysl"]
[Date "2005.01.02"]
[Round "9"]
[White "Splosnov, Sergei"]
[Black "Neuman, Petr"]
[Result "1/2-1/2"]
[WhiteElo "2367"]
[BlackElo "2433"]
[PlyCount "101"]
[EventDate "2004.12.26"]
[EventType "swiss"]
[EventRounds "9"]
[EventCountry "CZE"]
[SourceTitle "CBM 104 Extra"]
[Source "ChessBase"]
[SourceDate "2005.03.01"]
[SourceVersion "1"]
[SourceVersionDate "2005.03.01"]
[SourceQuality "1"]

1. Nf3 Nf6 2. c4 g6 3. Nc3 Bg7 4. g3 0-0 5. Bg2 d6 6. d4 c6 7. 0-0 Qa5 8. e4 Bg4 9. h3 Bxf3 10. Bxf3 e5 11. Be3 Nbd7 12. a3 exd4 13. Bxd4 Rfe8 14. Re1 h5 15. Bg2 Rad8 16. b4 Qc7 17. f4 Nb6 18. Qb3 Nfd7 19. Bxg7 Kxg7 20. Rad1 Nf8 21. h4 Qe7 22. Na4 Qc7 23. c5 Nxa4 24. Qxa4 dxc5 25. bxc5 Ne6 26. e5 Nxc5 27. Qxa7 Ne6 28. Rxd8 Rxd8 29. Rb1 Rd7 30. Bh3 b5 31. Qxc7 Rxc7 32. Bxe6 fxe6 33. Kf2 Ra7 34. Rc1 Ra6 35. Rc3 Kf7 36. g4 Ke7 37. Rd3 Ra4 38. Kf3 Rc4 39. gxh5 gxh5 40. Rd6 Rc1 41. Ke4 Rc4+ 42. Ke3 Kf7 43. Kf3 c5 44. Rb6 b4 45. axb4 cxb4 46. Ke3 Ke7 47. Rd6 b3 48. Rb6 Rc3+ 49. Kd4 Rf3 50. Rb7+ Kd8 51. Kc4 1/2-1/2

[Event "Litomysl op"]
[Site "Litomysl"]
[Date "2005.01.01"]
[Round "8"]
[White "Stehno, Pavel"]
[Black "Splosnov, Sergei"]
[Result "1/2-1/2"]
[WhiteElo "2326"]
[BlackElo "2367"]
[PlyCount "33"]
[EventDate "2004.12.26"]
[EventType "swiss"]
[EventRounds "9"]
[EventCountry "CZE"]
[SourceTitle "CBM 104 Extra"]
[Source "ChessBase"]
[SourceDate "2005.03.01"]
[SourceVersion "1"]
[SourceVersionDate "2005.03.01"]
[SourceQuality "1"]

1. Nf3 d5 2. g3 Nf6 3. Bg2 c6 4. 0-0 Bg4 5. d3 Nbd7 6. h3 Bxf3 7. Bxf3 g6 8. Nd2 Bg7 9. e4 0-0 10. Qe2 e5 11. b3 Re8 12. Bb2 Qc7 13. Bg2 Rad8 14. Rad1 b6 15. h4 Nf8 16. Nf3 dxe4 17. dxe4 1/2-1/2

[Event "Litomysl op"]
[Site "Litomysl"]
[Date "2004.12.29"]
[Round "5"]
[White "Splosnov, Sergei"]
[Black "Walentukiewicz, Michal"]
[Result "1-0"]
[WhiteElo "2367"]
[BlackElo "1994"]
[PlyCount "129"]
[EventDate "2004.12.26"]
[EventType "swiss"]
[EventRounds "9"]
[EventCountry "CZE"]
[SourceTitle "CBM 104 Extra"]
[Source "ChessBase"]
[SourceDate "2005.03.01"]
[SourceVersion "1"]
[SourceVersionDate "2005.03.01"]
[SourceQuality "1"]

1. Nf3 d6 2. d4 g6 3. g3 Bg7 4. c4 c5 5. Bg2 cxd4 6. Nxd4 Nf6 7. 0-0 0-0 8. Nc3 Na6 9. b3 Nc5 10. Bb2 Qb6 11. e3 Bd7 12. Qe2 Bc6 13. Rad1 Bxg2 14. Kxg2 a5 15. Ba3 a4 16. b4 Nce4 17. Nxe4 Nxe4 18. Qd3 Nf6 19. Rc1 Rfc8 20. Rfd1 h5 21. Nf3 Ng4 22. h3 Ne5 23. Nxe5 Bxe5 24. Qe4 Qc6 25. Qxc6 Rxc6 26. b5 Rc7 27. c5 dxc5 28. Rxc5 Rxc5 29. Bxc5 Ra5 30. Rd5 Bd6 31. Bxd6 exd6 32. a3 Kf8 33. Rxd6 Rxb5 34. Rd8+ Kg7 35. Ra8 Rb3 36. Rxa4 b5 37. Rb4 Rxa3 38. Rxb5 Ra7 39. Kf3 Re7 40. Rd5 Ra7 41. e4 Ra3+ 42. Kf4 Ra7 43. Rd6 Ra2 44. f3 Ra7 45. g4 hxg4 46. hxg4 Rb7 47. e5 Rb4+ 48. Ke3 Rb5 49. Ke4 Rb4+ 50. Rd4 Rb7 51. f4 Ra7 52. f5 gxf5+ 53. gxf5 Rb7 54. Rd8 Rb4+ 55. Kd5 Rb1 56. Kd6 Rb6+ 57. Ke7 Rb7+ 58. Rd7 Rb5 59. Kd6 Kf8 60. Rc7 Ra5 61. e6 fxe6 62. fxe6 Ra1 63. Rc8+ Kg7 64. e7 Rd1+ 65. Kc6 1-0

[Event "Litomysl op"]
[Site "Litomysl"]
[Date "2004.12.28"]
[Round "4"]
[White "Blatny, Pavel"]
[Black "Splosnov, Sergei"]
[Result "1-0"]
[WhiteElo "2454"]
[BlackElo "2367"]
[PlyCount "63"]
[EventDate "2004.12.26"]
[EventType "swiss"]
[EventRounds "9"]
[EventCountry "CZE"]
[SourceTitle "CBM 104 Extra"]
[Source "ChessBase"]
[SourceDate "2005.03.01"]
[SourceVersion "1"]
[SourceVersionDate "2005.03.01"]
[SourceQuality "1"]

1. f4 d5 2. b3 Nf6 3. Bb2 g6 4. e3 Bg7 5. Be2 c5 6. Nf3 0-0 7. 0-0 Nc6 8. Ne5 Nxe5 9. Bxe5 Ne8 10. Bxg7 Nxg7 11. d4 Qa5 12. g4 cxd4 13. exd4 Bd7 14. a4 b5 15. Qd3 Rac8 16. c3 b4 17. c4 dxc4 18. bxc4 Rfd8 19. Nd2 Be6 20. Nb3 Qa6 21. d5 Bxd5 22. cxd5 Qxd3 23. Bxd3 Rc3 24. Nc1 Rxd5 25. Bb5 Ne6 26. Na2 Rc7 27. Nxb4 Rd2 28. Rad1 Rxd1 29. Rxd1 Nxf4 30. Nd5 Nxd5 31. Rxd5 Kg7 32. Kf2 1-0

[Event "Chrudim op"]
[Site "Chrudim"]
[Date "2004.07.12"]
[Round "8"]
[White "Splosnov, Sergei"]
[Black "Jirasek, Pavel"]
[Result "1-0"]
[WhiteElo "2384"]
[BlackElo "2177"]
[PlyCount "49"]
[EventDate "2004.07.06"]
[EventType "swiss"]
[EventRounds "9"]
[EventCountry "CZE"]
[SourceTitle "EXT 2006"]
[Source "ChessBase"]
[SourceDate "2005.11.24"]
[SourceVersion "1"]
[SourceVersionDate "2005.11.24"]
[SourceQuality "1"]

1. Nf3 Nf6 2. c4 e6 3. g3 b6 4. Bg2 Bb7 5. 0-0 Be7 6. d4 d6 7. Nc3 Ne4 8. Nxe4 Bxe4 9. d5 0-0 10. Qb3 Nd7 11. dxe6 fxe6 12. Qe3 d5 13. Nd4 Bc5 14. Bxe4 dxe4 15. Qxe4 Nf6 16. Qxe6+ Kh8 17. Nc6 Qe8 18. Qxe8 Raxe8 19. e3 Re6 20. Nd4 Re4 21. b3 Bxd4 22. exd4 Rxd4 23. Be3 Re4 24. Rad1 c5 25. h3 1-0

[Event "Chrudim op"]
[Site "Chrudim"]
[Date "2004.07.09"]
[Round "5"]
[White "Splosnov, Sergei"]
[Black "Lorenc, Oldrich"]
[Result "1/2-1/2"]
[WhiteElo "2384"]
[BlackElo "2184"]
[PlyCount "66"]
[EventDate "2004.07.06"]
[EventType "swiss"]
[EventRounds "9"]
[EventCountry "CZE"]
[SourceTitle "EXT 2006"]
[Source "ChessBase"]
[SourceDate "2005.11.24"]
[SourceVersion "1"]
[SourceVersionDate "2005.11.24"]
[SourceQuality "1"]

1. Nf3 g6 2. d4 Bg7 3. g3 b6 4. Bg2 Bb7 5. 0-0 Nf6 6. c4 0-0 7. Nc3 d5 8. Ne5 c6 9. cxd5 cxd5 10. Bf4 Nh5 11. Be3 e6 12. Rc1 Nd7 13. f4 f5 14. Nb5 Nxe5 15. dxe5 Qd7 16. Qb3 Ba6 17. Nd6 Rfd8 18. Bd4 h6 19. Qa3 Bb7 20. Rc2 Bf8 21. Rfc1 Rdc8 22. e3 Ng7 23. Bf1 Ne8 24. Bb5 Qxb5 25. Nxb5 Bxa3 26. Rxc8 Bxc8 27. bxa3 Bd7 28. a4 Kf8 29. Kf2 Ke7 30. Ke1 Bxb5 31. axb5 Kd7 32. Kd2 Rc8 33. Rxc8 Kxc8 1/2-1/2

[Event "Nachod op 0304"]
[Site "Nachod"]
[Date "2004.??.??"]
[Round "?"]
[White "Rehak, Martin"]
[Black "Splosnov, Sergei"]
[Result "0-1"]
[WhiteElo "2140"]
[BlackElo "2380"]
[PlyCount "110"]
[EventDate "2003.12.??"]
[EventType "swiss"]
[EventRounds "9"]
[EventCountry "CZE"]
[SourceTitle "EXT 2007"]
[Source "ChessBase"]
[SourceDate "2006.11.23"]
[SourceVersion "1"]
[SourceVersionDate "2006.11.23"]
[SourceQuality "1"]

1. e4 e5 2. Nf3 Nf6 3. Nc3 Nc6 4. d4 exd4 5. Nd5 Nb4 6. Bc4 Nbxd5 7. exd5 Bb4+ 8. Bd2 Qe7+ 9. Qe2 Bxd2+ 10. Kxd2 Qxe2+ 11. Kxe2 c5 12. dxc6 bxc6 13. Nxd4 d5 14. Bb3 c5 15. Ba4+ Ke7 16. Nb5 Bd7 17. Nc3 d4 18. Bxd7 dxc3 19. Bc6 cxb2 20. Rab1 Rab8 21. Kd2 Rhd8+ 22. Kc3 Rd6 23. Bf3 Rdb6 24. Rhe1+ Kf8 25. Re5 Nd7 26. Rd5 Ke7 27. h3 g6 28. Rdd1 Rb4 29. Bc6 Nb6 30. a3 Na4+ 31. Bxa4 Rxa4 32. Rxb2 Rxa3+ 33. Rb3 Rbxb3+ 34. cxb3 Ra2 35. Rf1 Kd6 36. Kc4 Kc6 37. g3 a5 38. f4 a4 39. bxa4 Rxa4+ 40. Kb3 Re4 41. f5 Kd5 42. fxg6 fxg6 43. Rf7 Re3+ 44. Kc2 h5 45. g4 Rxh3 46. Rd7+ Kc4 47. Rg7 Rh2+ 48. Kd1 hxg4 49. Rxg6 Rg2 50. Rg5 Kb4 51. Ke1 g3 52. Kf1 Rf2+ 53. Kg1 Rf3 54. Kg2 Rd3 55. Rxg3 Rxg3+ 0-1

[Event "Pardubice opB"]
[Site "Pardubice"]
[Date "2004.??.??"]
[Round "7"]
[White "Splosnov, Sergei"]
[Black "Savushkina, Natalia"]
[Result "0-1"]
[WhiteElo "2384"]
[BlackElo "2186"]
[PlyCount "54"]
[EventDate "2004.07.??"]
[EventType "swiss"]
[EventRounds "7"]
[EventCountry "CZE"]
[SourceTitle "EXT 2005"]
[Source "ChessBase"]
[SourceDate "2004.11.15"]
[SourceVersion "1"]
[SourceVersionDate "2004.11.15"]
[SourceQuality "1"]

1. Nf3 Nf6 2. c4 g6 3. g3 Bg7 4. Bg2 0-0 5. 0-0 d6 6. d4 Nc6 7. Nc3 a6 8. d5 Na5 9. Nd2 c5 10. Rb1 Rb8 11. b3 b5 12. Bb2 h5 13. h3 Bf5 14. e4 Bd7 15. Qc2 e5 16. dxe6 Bxe6 17. Nd5 Nc6 18. Rbd1 bxc4 19. Nxc4 Nxd5 20. Bxg7 Kxg7 21. exd5 Bf5 22. Qc3+ Nd4 23. Kh2 h4 24. g4 Bd7 25. Nxd6 Qc7 26. Rxd4 Qxd6+ 27. Rf4+ f6 0-1

[Event "Chrudim op"]
[Site "Chrudim"]
[Date "2003.07.08"]
[Round "2"]
[White "Splosnov, Sergei"]
[Black "Listopad, Martin"]
[Result "1-0"]
[WhiteElo "2377"]
[BlackElo "1795"]
[PlyCount "77"]
[EventDate "2003.07.??"]
[EventType "swiss"]
[EventRounds "9"]
[EventCountry "CZE"]
[SourceTitle "EXT 2006"]
[Source "ChessBase"]
[SourceDate "2005.11.24"]
[SourceVersion "1"]
[SourceVersionDate "2005.11.24"]
[SourceQuality "1"]

1. Nf3 c5 2. c4 Nf6 3. Nc3 d6 4. d4 cxd4 5. Nxd4 g6 6. g3 Nc6 7. Bg2 Bd7 8. Nb3 Bg7 9. 0-0 0-0 10. c5 Be6 11. cxd6 exd6 12. Nb5 Qb6 13. N5d4 d5 14. Nxc6 bxc6 15. Be3 Qc7 16. Rc1 Ng4 17. Bd4 h5 18. Bxg7 Kxg7 19. Qd4+ f6 20. Bxd5 Bxd5 21. Qxd5 Qxg3+ 22. hxg3 cxd5 23. Rfd1 Rfe8 24. Rc7+ Kh6 25. e3 Nxe3 26. fxe3 Rxe3 27. Kf2 Rae8 28. Nd4 Kg5 29. Rc3 R3e4 30. Nf3+ Kh6 31. Rc2 g5 32. Rxd5 g4 33. Nh4 Re1 34. Rf5 Kg7 35. Ng2 Rh1 36. Rc7+ Kg6 37. Rf4 Re6 38. Nh4+ Kh6 39. Nf5+ 1-0

[Event "Trinec op"]
[Site "Trinec"]
[Date "2002.01.02"]
[Round "9"]
[White "Splosnov, Sergei"]
[Black "Trombik, Karel"]
[Result "1/2-1/2"]
[WhiteElo "2400"]
[BlackElo "2231"]
[PlyCount "107"]
[EventDate "2001.12.27"]
[EventType "swiss"]
[EventRounds "9"]
[EventCountry "CZE"]
[SourceTitle "EXT 2003"]
[Source "ChessBase"]
[SourceDate "2002.11.25"]
[SourceVersion "1"]
[SourceVersionDate "2002.11.25"]
[SourceQuality "1"]

1. Nf3 d5 2. d4 c6 3. e3 Bf5 4. c4 e6 5. Bd3 Bxd3 6. Qxd3 Nf6 7. Nbd2 Nbd7 8. 0-0 Be7 9. b3 0-0 10. Bb2 Re8 11. Rfd1 Rc8 12. e4 dxe4 13. Nxe4 Nxe4 14. Qxe4 Qa5 15. Qe3 Rcd8 16. Bc3 Qf5 17. h3 h6 18. Re1 Bf6 19. Rad1 Nf8 20. Qd3 Qh5 21. Qe4 Qg6 22. Qxg6 Nxg6 23. g3 Rd7 24. Kf1 Red8 25. Ke2 c5 26. Ne5 Rd6 27. Nxg6 fxg6 28. Rd3 Bxd4 29. Bxd4 Rxd4 30. Rxd4 Rxd4 31. Ke3 Kf7 32. Rc1 e5 33. a3 a5 34. Rb1 b6 35. Rc1 Ke6 36. Ke2 h5 37. Rc3 e4 38. Re3 Kd6 39. a4 g5 40. f3 exf3+ 41. Kxf3 g4+ 42. hxg4 Rxg4 43. Re8 Rd4 44. Ke2 g6 45. Rb8 Kc7 46. Rg8 Rd6 47. Rg7+ Kd8 48. Ke3 Ke8 49. Rb7 Kd8 50. Rg7 Kc8 51. Rg8+ Kc7 52. Rg7+ Kc6 53. Rg8 Rf6 54. Rg7 1/2-1/2